000 00301nam a2200121 i 4500
001 bg
245 4 _aThe manuscript of Nicholaus Copernieus "On the Revolutions" :
_bfacsimile.
260 _aLondon,
_c1972.
040 _cBPK
041 _apol
942 _cKS
008 s pl f |000 0 pol
999 _c9339
_d9339
856 _uhttp://koha.tu.koszalin.pl/cgi-bin/koha/opac-detail.pl?biblionumber=9339
_yKatalog online BPK